Alle landen uit australië en oceanië - Statistieken

Algemene statistieken
  • Deze quiz is 26 keer genomen
  • De gemiddelde score is 11 van 14
Antwoordstatistieken
# Landen % Correct
1 Australië
100%
2 Fiji
88%
7 Nieuwzeeland
88%
8 Papoea-Nieuw-Guinea
76%
10 Samoa
76%
3 Kiribati
76%
6 Nauru
76%
7 Palau
76%
11 TOnga
76%
5 Micronesië
71%
12 Tuvalu
71%
4 Marshalleilanden
59%
9 Salomonseilanden
59%
13 Vanuatu
59%
Geen overeenkomende quizzen gevonden
Scoreverdeling
Procent van Mensen met Elke Score
Percentiel versus Aantal Correcte Antwoorden
Uw Scoregeschiedenis
U heeft deze quiz nog niet genomen